Thoughts for young man / (Record no. 588612)

000 -LEADER
fixed length control field 00330nam a22001337a 4500
020 ## - INTERNATIONAL STANDARD BOOK NUMBER
International Standard Book Number 9781611040708
082 ## - DEWEY DECIMAL CLASSIFICATION NUMBER
Classification number 248.832
Author Mark RYL
100 ## - MAIN ENTRY--PERSONAL NAME
Personal name Ryle, J.C.
245 ## - TITLE STATEMENT
Title Thoughts for young man /
Statement of responsibility, etc. J.C. Ryle
260 ## - PUBLICATION, DISTRIBUTION, ETC.
Place of publication, distribution, etc. U.S.A :
Name of publisher, distributor, etc. Feather Trail LLC,
Date of publication, distribution, etc. 2010.
300 ## - PHYSICAL DESCRIPTION
Extent 78p. ;
Dimensions 22 cm.
563 ## - BINDING INFORMATION
Binding note PBK.
942 ## - ADDED ENTRY ELEMENTS (KOHA)
Source of classification or shelving scheme
Koha item type Book
Holdings
Withdrawn status Lost status Source of classification or shelving scheme Damaged status Not for loan Permanent Location Current Location Date acquired Source of acquisition Total Checkouts Full call number Barcode Date last seen Price effective from Koha item type
          Central Library (CL) Central Library (CL) 03/06/2022 Donated by Student Affairs NUST   248.832 RYL CL-D-1483 03/06/2022 03/06/2022 Book
© 2023 Central Library, National University of Sciences and Technology. All Rights Reserved.